Why soil care will soon be so vital (Record no. 74503)
[ view plain ]
| 000 -LEADER | |
|---|---|
| fixed length control field | 00945cam a2200217 4500 |
| 001 - CONTROL NUMBER | |
| control field | X127085 |
| 008 - FIXED-LENGTH DATA ELEMENTS--GENERAL INFORMATION | |
| fixed length control field | 040818n2004 000 0 eng u |
| 035 ## - SYSTEM CONTROL NUMBER | |
| System control number | (Sirsi) u127085 |
| 100 ## - MAIN ENTRY--PERSONAL NAME | |
| Personal name | Beaton, D. |
| 245 ## - TITLE STATEMENT | |
| Title | Why soil care will soon be so vital |
| 260 ## - PUBLICATION, DISTRIBUTION, ETC. | |
| Date of publication, distribution, etc. | 2004 |
| 490 ## - SERIES STATEMENT | |
| Series statement | Farmers' Weekly |
| Volume/sequential designation | 141(5) 30 July 2004, 58-61(4) |
| 520 ## - SUMMARY, ETC. | |
| Summary, etc. | Emphasises the importance of soil and nutrient planning following the EU's water framework directive (Diretive 2000/60/EC). The Environment Agency has set up a scheme to assess the risk of soil erosion and diffuse pollution on farms. A number of pilot schemes examine the level of risk for soil type, slope and proximity to a water course or road. |
| 650 ## - SUBJECT ADDED ENTRY--TOPICAL TERM | |
| Topical term or geographic name entry element | SOIL EROSION |
| 650 ## - SUBJECT ADDED ENTRY--TOPICAL TERM | |
| Topical term or geographic name entry element | SOIL PROTECTION |
| 650 ## - SUBJECT ADDED ENTRY--TOPICAL TERM | |
| Topical term or geographic name entry element | WATER POLLUTION |
| 650 ## - SUBJECT ADDED ENTRY--TOPICAL TERM | |
| Topical term or geographic name entry element | DIRECTIVE 2000/60/EC |
| 650 ## - SUBJECT ADDED ENTRY--TOPICAL TERM | |
| Topical term or geographic name entry element | NITRATE POLLUTION |
| 690 ## - LOCAL SUBJECT ADDED ENTRY--TOPICAL TERM (OCLC, RLIN) | |
| Topical term or geographic name as entry element | ENVIRONMENTAL AND LAND CONSULTANCY-ENVIRONMENTAL MANAGEMENT |
| 942 ## - ADDED ENTRY ELEMENTS (KOHA) | |
| Suppress in OPAC | 0 |
| Withdrawn status | Lost status | Source of classification or shelving scheme | Damaged status | Not for loan | Home library | Current library | Shelving location | Date acquired | Total Checkouts | Full call number | Barcode | Date last seen | Copy number | Price effective from | Koha item type |
|---|---|---|---|---|---|---|---|---|---|---|---|---|---|---|---|
| Dewey Decimal Classification | London | London | Journal article | 18/08/2004 | X127085 | 127085-1001 | 06/08/2019 | 1 | 06/08/2019 | Journal article |